Code Wallon de l'Amňagement du Territoire, de l'Urbanisme et du Patrimoine expliqu ̌

Bibliographic Details
Main Author: Delnoy, Michel
Format: Unknown
Language:French
Published: Bľgica : Edipro, 2006
Subjects:
Online Access:Acceso restringido

MARC

LEADER 00000ny a22000003n 4500
005 2011062106026.0
008 091214s2006 be 000 0 fre d
020 |a 9782930287324 
035 |a 2385 
040 |d vLex 
090 |c 929  |d 929 
100 1 |a Delnoy, Michel  
245 1 0 |a Code Wallon de l'Amňagement du Territoire, de l'Urbanisme et du Patrimoine expliqu ̌  |h [Recurso electrn̤ico]  |c Michel Delnoy  
256 |a Servicio en ln̕ea 
260 |a Bľgica :  |b Edipro,  |c 2006 
300 |a p. ;  |c cm 
506 1 |a Contenido solo disponible en los productos indicados  |d vLex Global  |d vLex Global (Academic Edition, excluding Law Schools)  |d vLex Global (U.S. Academic Edition, Law Schools)  |d vLex Global (U.S. Academic Edition, excluding Law Schools)  |d vLex Global (Academic Edition, Law Schools) 
650 0 4 |a Desarrollo comunitario urbano 
650 0 4 |a Desarrollo sostenible 
650 0 4 |a Patrimonio histr̤ico 
740 0 |a vLex Libros (Servicios en ln̕ea) 
856 4 0 |z Acceso restringido  |u http://vlex.com/source/2385 
942 |c BOOK